000 00340nam a2200133Ia 4500
008 240624s9999 xx 000 0 und d
041 _aeng
082 _a155.25 ONK
100 _aONKAR RAMDAS
245 _aDYNAMICS OF PERSONALITY DEVELOPMENT
260 _c2015
_aNagpur
_bDattsons
300 _aix, : 272 : p. : cm. ; 21
365 _cRS
_b25
999 _c23998
_d23998